Missing Word: 'O' Actor Movies Quiz Stats

 Plays Quiz Updated May 5, 2016

Challenge
Share
Tweet
Embed
Score 0/30 Timer 03:00
0 Plays Today
Hint Answer % Correct
Gary OldmanAir
97.3%
Haley Joel OsmentGump
96.7%
Haley Joel OsmentSixth
96.4%
Laurence OlivierTitans
95.9%
Peter O'TooleLawrence
93.9%
Chris O'DonnellScent
91.9%
Haley Joel OsmentArtificial
90.2%
Gary OldmanFifth
90.1%
Haley Joel OsmentForward
88.6%
Gary OldmanBatman
86.4%
Gary OldmanSoldier
85.2%
Peter O'TooleLast
75.9%
Chris O'DonnellMusketeers
75.2%
Laurence OlivierBridge
74.9%
Clive OwenSleep
65.5%
Hint Answer % Correct
Clive OwenSin
60.1%
Chris O'DonnellForever
55.8%
Peter O'TooleKing
54.5%
Clive OwenChildren
50.7%
Laurence OlivierBrazil
49%
Gary OldmanState
43.9%
Haley Joel OsmentLions
40.3%
Peter O'TooleMillion
39.6%
Chris O'DonnellVertical
23.4%
Chris O'DonnellPayne
22.6%
Laurence OlivierMarathon
21.4%
Clive OwenArthur
20.7%
Laurence OlivierBritain
14.8%
Clive OwenInside
13.2%
Peter O'TooleDawn
12.8%

Today's Daily Dose

You're not logged in!

Compare scores with friends on all Sporcle quizzes.
OR
Log In

You Might Also Like...

Show Comments

Extras

Top Quizzes Today


Score Distribution

Your Account Isn't Verified!

In order to create a playlist on Sporcle, you need to verify the email address you used during registration. Go to your Sporcle Settings to finish the process.

Report this User

Report this user for behavior that violates our Community Guidelines.

Details: